| 000 | 00527nam a2200157 a 4500 | ||
|---|---|---|---|
| 001 | 000038889 | ||
| 005 | 20201002031416.0 | ||
| 008 | 130501s2007 dr 000 0 spa d | ||
| 040 |
_aDO-SdBNP _bspa _cBNPHU |
||
| 245 | 0 | 3 |
_aEl secreto de la sabiduría humana / _crecopilación y edición de textos Ciprián Hilario, Miguel José Vásquez. |
| 250 | _a7a ed. | ||
| 260 |
_aSanto Domingo : _bMSC , _c2007. |
||
| 300 |
_a148 p. : ; _c21 cm. |
||
| 700 | 1 |
_aHilario, Ciprián _eed. _965161 |
|
| 700 | 1 |
_aVásquez, Miguel José _eed. _965162 |
|
| 999 |
_c38379 _d38379 |
||